Ideme na veľtrh

Náklady, výber exponátov a organizačná príprava veľtrhu. Rozpočet na veľtrhovú prezentáciu. Administratívna organizačná fáza prípravy. Plánovanie transportu. Poistenie.

Gespeichert in:
Bibliographische Detailangaben
1. Verfasser: Baluška, Marek
Format: Buchkapitel
Sprache:Slowakisch
Schlagworte:
Tags: Tag hinzufügen
Keine Tags, Fügen Sie das erste Tag hinzu!

MARC

LEADER 00000naa a2200000 4500
001 r048644
005 20231004100850.7
041 0 |a slo 
044 |a CZ 
245 1 0 |a Ideme na veľtrh  |c Marek Baluška 
520 |a Náklady, výber exponátov a organizačná príprava veľtrhu. Rozpočet na veľtrhovú prezentáciu. Administratívna organizačná fáza prípravy. Plánovanie transportu. Poistenie. 
610 2 0 |a veľtrhy 
610 2 0 |a výstavy 
610 2 0 |a kongresy 
610 2 0 |a náklady 
610 2 0 |a príprava odborná 
610 2 0 |a doprava 
610 2 0 |a reklama 
610 2 0 |a poistenie 
610 2 0 |a exponáty 
100 1 |a Baluška, Marek